000 00560nam a2200217 a 4500
001 0001-2210
003 ELIB.Books
008 190803 2010 eng
020 _a0974531510
092 _a153.4
_bBlu
100 _aBluedorn, Nathaniel.
245 _aThe Thinking Toolbox
260 _aMuscatine, Iowa
_bChristian Logic
_c2005
300 _a234
_c23cm
650 _aThinking, Reasoning
856 _nKBTS Library
_uKBTS Elib
942 _2ddc
_cBK
990 _a1
998 _aEnglishbooks.elf
_ccat
_e2019-08-03
999 _c12210
_d12210